[Event "Leitersdorf Region-ch"]
[Site "Leitersdorf"]
[Date "2017.01.04"]
[Round "1.8"]
[White "Suttner, Claus"]
[Black "Hainzl, Markus"]
[Result "1-0"]
[WhiteElo "2103"]
[BlackElo "1569"]
[PlyCount "61"]
[EventDate "2017.01.04"]
[EventType "swiss"]
[EventRounds "5"]
[EventCountry "AUT"]
[SourceTitle "EXT 2024"]
[Source "ChessBase"]
[SourceDate "2023.10.10"]
[SourceVersion "1"]
[SourceVersionDate "2023.10.10"]
[SourceQuality "1"]

1. d4 Nf6 2. c4 e6 3. Nc3 b6 4. e4 d6 5. Bd3 Bb7 6. Nge2 Be7 7. 0-0 0-0 8. Qc2 e5 9. d5 Nbd7 10. Ng3 Nc5 11. Be2 Bc8 12. h3 h6 13. Be3 Nh7 14. b4 Nxe4 15. Ngxe4 f5 16. f4 exf4 17. Rxf4 fxe4 18. Rxf8+ Bxf8 19. Rf1 Ng5 20. Nxe4 Qe7 21. Bxg5 hxg5 22. Bh5 Qe5 23. Bf7+ Kh8 24. Qe2 g4 25. hxg4 g5 26. Qf3 Qd4+ 27. Kh1 Qg7 28. g3 Bd7 29. Kg2 Qb2+ 30. Nf2 Be7 31. Qe4 1-0

[Event "Graz op-B 20th"]
[Site "Graz"]
[Date "2013.08.24"]
[Round "1"]
[White "Hainzl, Markus"]
[Black "Huliak, Peter"]
[Result "0-1"]
[WhiteElo "1598"]
[BlackElo "1927"]
[PlyCount "32"]
[EventDate "2013.08.24"]
[EventType "swiss"]
[EventRounds "9"]
[EventCountry "AUT"]
[SourceTitle "EXT 2022"]
[Source "ChessBase"]
[SourceDate "2021.10.06"]
[SourceVersion "1"]
[SourceVersionDate "2021.10.06"]
[SourceQuality "1"]

1. Nf3 Nf6 2. g3 d5 3. b3 Bf5 4. Bg2 Qc8 5. Bb2 Bh3 6. 0-0 h5 7. e3 h4 8. Nxh4 g5 9. Bxf6 exf6 10. Nf3 Bxg2 11. Kxg2 Qh3+ 12. Kg1 Bd6 13. Re1 g4 14. Nh4 Rxh4 15. gxh4 Bxh2+ 16. Kh1 Bg3+ 0-1

[Event "Leitersdorf Region-ch"]
[Site "Leitersdorf"]
[Date "2013.01.06"]
[Round "5"]
[White "Hainzl, Markus"]
[Black "Bloder, Felix"]
[Result "0-1"]
[WhiteElo "1530"]
[BlackElo "1717"]
[PlyCount "64"]
[EventDate "2013.01.02"]
[EventType "swiss"]
[EventRounds "5"]
[EventCountry "AUT"]
[SourceTitle "CBM 152 Extra"]
[Source "ChessBase"]
[SourceDate "2013.02.25"]
[SourceVersion "1"]
[SourceVersionDate "2013.02.25"]
[SourceQuality "1"]

1. c4 Nf6 2. Nc3 e6 3. g3 c6 4. Bg2 d5 5. cxd5 exd5 6. d4 Be7 7. Nf3 0-0 8. 0-0 Bg4 9. Ne5 Bh5 10. Qd3 Nbd7 11. f4 Nxe5 12. fxe5 Bg6 13. e4 Nxe4 14. Nxe4 Bxe4 15. Bxe4 dxe4 16. Qxe4 Qd7 17. Be3 Rad8 18. Rad1 Qd5 19. Qc2 Rd7 20. a3 Rfd8 21. Rd2 f6 22. Rf5 Qe6 23. Rdf2 g6 24. g4 gxf5 25. gxf5 Qd5 26. e6 Rc7 27. Rg2+ Kh8 28. Qf2 Bd6 29. Bf4 Qxf5 30. Bxd6 Qxf2+ 31. Rxf2 Rxd6 32. Rxf6 Re7 0-1

[Event "Gleisdorf ch"]
[Site "Gleisdorf"]
[Date "1996.??.??"]
[Round "3"]
[White "Engel, G."]
[Black "Hainzl, Markus"]
[Result "1-0"]
[WhiteElo "2020"]
[BlackElo "1655"]
[PlyCount "73"]
[EventDate "1996.??.??"]
[EventType "swiss"]
[EventRounds "7"]
[EventCountry "AUT"]
[SourceTitle "EXT 1999"]
[Source "ChessBase"]
[SourceDate "1998.11.16"]
[SourceVersion "1"]
[SourceVersionDate "1998.11.16"]
[SourceQuality "1"]

1. c4 e5 2. Nc3 Nf6 3. Nf3 Nc6 4. g3 Bb4 5. Bg2 0-0 6. 0-0 d6 7. d3 Ne7 8. Bg5 Bc5 9. Bxf6 gxf6 10. Ne4 f5 11. Nxc5 dxc5 12. Nxe5 Ng6 13. Nf3 f4 14. Qd2 Qd6 15. Qc3 c6 16. Ng5 Qd4 17. Qd2 Bg4 18. e3 fxe3 19. fxe3 Qd7 20. Ne4 f5 21. Nxc5 Qe7 22. d4 Rac8 23. Nd3 Qe6 24. b3 Kh8 25. Rae1 Qf6 26. h3 Bh5 27. g4 Bxg4 28. hxg4 Nh4 29. Rf2 Qg5 30. Ne5 Rf6 31. e4 f4 32. Kf1 c5 33. Nf3 Qxg4 34. d5 Rh6 35. Ne5 Qg3 36. Qxf4 Qg7 37. Nf7+ 1-0

[Event "Gleisdorf ch"]
[Site "Gleisdorf"]
[Date "1996.??.??"]
[Round "7"]
[White "Schaffer, M."]
[Black "Hainzl, Markus"]
[Result "1-0"]
[WhiteElo "1605"]
[BlackElo "1660"]
[PlyCount "65"]
[EventDate "1996.??.??"]
[EventType "swiss"]
[EventRounds "7"]
[EventCountry "AUT"]
[SourceTitle "EXT 1999"]
[Source "ChessBase"]
[SourceDate "1998.11.16"]
[SourceVersion "1"]
[SourceVersionDate "1998.11.16"]
[SourceQuality "1"]

1. Nf3 c5 2. c4 Nc6 3. g3 g6 4. Bg2 Bg7 5. Nc3 Nf6 6. 0-0 0-0 7. d3 d5 8. Bf4 a6 9. e4 d4 10. Nd5 Nxd5 11. exd5 e5 12. Bh6 Bxh6 13. dxc6 Bg4 14. cxb7 Rb8 15. h3 Bxf3 16. Bxf3 Qe7 17. Qa4 Rxb7 18. Bxb7 Qxb7 19. Rab1 f5 20. b4 cxb4 21. Rxb4 Qf3 22. Rb3 f4 23. Qxa6 fxg3 24. Qe6+ Rf7 25. Rb8+ Bf8 26. Rxf8+ Kxf8 27. Qxf7+ Kxf7 28. fxg3 Qxf1+ 29. Kxf1 Ke6 30. Ke2 Kd6 31. Kf3 Kc5 32. Ke4 Kd6 33. a4 1-0